MARC

LEADER 00000nam0a2200000 4500
001 74234
005 20231031085103.0
010 |a 5120003044 
035 |a (RuTPU)RU\TPU\book\79171 
090 |a 74234 
100 |a 20050301d1989 km y0rusy50 ca 
101 0 |a rus 
102 |a UA 
105 |a a g 001zy 
200 1 |a Справочник по ЭВМ  |f В. И. Грубов, В. С. Кирдан, С. Ф. Козубовский 
210 |a Киев  |c Наукова думка  |d 1989 
215 |a 543 с.  |c ил. 
320 |a Библиогр.: с. 542-543 
610 1 |a электронные вычислительные машины 
610 1 |a цифровые вычислительные машины 
610 1 |a аналоговые вычислительные машины 
610 1 |a классификация 
610 1 |a технические характеристики 
610 1 |a структурные схемы 
610 1 |a справочники 
675 |a 681.3(03)  |v 3 
700 1 |a Грубов  |b В. И.  |g Владимир Иванович 
701 1 |a Кирдан  |b В. С.  |g Владимир Сергеевич 
701 1 |a Козубовский  |b С. Ф.  |g Святослав Федорович 
801 1 |a RU  |b 63413507  |c 20050301  |g PSBO 
801 2 |a RU  |b 63413507  |c 20150206  |g PSBO 
942 |c BK